000 01462nam0a22002891 4500
001 rc\2914079
005 20250529223143.0
035 _a(NLR Aleph) 007064595
090 _a6319935
_c6319935
100 _a20110809d1937 |||y0rusy50 ca
101 0 _arus
102 _aRU
105 _aab z |||||
200 1 _aАджаро-Триалетская складчатая система
_fС.С. Кузнецов
210 _aМосква
_aЛенинград
_cБ. и.
_d1937
_eМосква
_gтип. артели "Печатня"
215 _a184 с., 7 л. ил., карт.
_cтабл., ил.
_d26 см
225 1 _aСерия Закавказская
_fАкад. наук Союза сов. социалист. респ. Сов. по изучению производительных сил и Петрогр. ин-т им. Ф.Ю. Левинсон-Лессинга
_vВып. 22
_v4
_aМатериалы по геологии и петрографии ССР Грузии
300 _aЗагл. на рус. и груз. яз.
300 _aДоб. тит. л. на фр. яз.
300 _aРезюме на фр. и груз. яз.
320 _aБиблиогр.: с. 167-171
700 1 _aКузнецов
_bС. С.
_cд-р геол.-минерал. наук
_f1892-1988
_gСергей Сергеевич
_9181228
_3RU\NLR\AUTH\770181279
801 0 _aRU
_bNLR
_gpsbo
801 1 _aRU
_bELAR
_2rusmarc
852 _aNLR
_j31-19/590(22)
942 _cBOOK
980 _aNB